000 00342nam a2200133 4500
001 16396
010 _a9789898479297
090 _a16396
100 _a20250825 pory50
200 _aO Alfaiate Valente
_fAdapt. Alice Eça Guimarães
210 _a[S.L.]
_cMediaPromo
_d2012
215 _a[29]p.
_cil.
_d19 cm
801 _aPT
_bBMA
_gRPC
990 _cLIVROS